Julius caesar / (Record no. 347029)
[ view plain ]
| 000 -LEADER | |
|---|---|
| fixed length control field | 01179 a2200193 4500 |
| 020 ## - INTERNATIONAL STANDARD BOOK NUMBER | |
| International Standard Book Number | 1853260223 (paperback) |
| 020 ## - INTERNATIONAL STANDARD BOOK NUMBER | |
| International Standard Book Number | 9781853260223 (paperback) |
| 082 04 - DEWEY DECIMAL CLASSIFICATION NUMBER | |
| Classification number | 822 |
| 090 ## - LOCALLY ASSIGNED LC-TYPE CALL NUMBER (OCLC); LOCAL CALL NUMBER (RLIN) | |
| -- | 4587 |
| -- | 4587 |
| 100 1# - MAIN ENTRY--PERSONAL NAME | |
| Personal name | Shakespeare, William. |
| 245 10 - TITLE STATEMENT | |
| Title | Julius caesar / |
| Statement of responsibility, etc. | William Shakespeare. |
| 260 ## - PUBLICATION, DISTRIBUTION, ETC. | |
| Place of publication, distribution, etc. | [S.l.] : |
| Name of publisher, distributor, etc. | Wordsworth Editions Ltd, |
| Date of publication, distribution, etc. | 1998. |
| 300 ## - PHYSICAL DESCRIPTION | |
| Extent | 144 p. ; |
| Dimensions | 20 cm. |
| 490 1# - SERIES STATEMENT | |
| Series statement | Wordsworth classics. |
| 520 ## - SUMMARY, ETC. | |
| Summary, etc. | Edited, introduced and annotated by Cedric Watts, research Professor of English, University of Sussex Julius Caesar is among the best of Shakespeare's historical and political plays. Dealing with events surrounding the assassination of Julius Caesar in 44 B.C., the drama vividly illustrates the ways in which power and corruption are linked. The cry 'Peace, freedom and liberty!' is used to exculpate brutal realities, while personal ambitions taint public actions. Rich in characterisation and replete with eloquent rhetoric, Julius Caesar remains engrossing and topical: a play for today. |
| 830 #0 - SERIES ADDED ENTRY--UNIFORM TITLE | |
| Uniform title | Wordsworth classics. |
| 856 40 - ELECTRONIC LOCATION AND ACCESS | |
| Materials specified | Amazon.com |
| Uniform Resource Identifier | <a href="http://www.amazon.com/exec/obidos/ASIN/1853260223/chopaconline-20">http://www.amazon.com/exec/obidos/ASIN/1853260223/chopaconline-20</a> |
| 942 ## - ADDED ENTRY ELEMENTS (KOHA) | |
| Institution code [OBSOLETE] | NBS |
| Koha item type | Book |
| Call number prefix | 822.3 SHA |
| Withdrawn status | Lost status | Damaged status | Not for loan | Permanent Location | Current Location | Date acquired | Total Checkouts | Full call number | Barcode | Date last seen | Date last checked out | Price effective from | Koha item type |
|---|---|---|---|---|---|---|---|---|---|---|---|---|---|
| Central Library (CL) | Central Library (CL) | 08/28/2013 | 4 | 822.3 SHA | NBS5581 | 09/14/2025 | 06/03/2025 | 08/28/2013 | Book |
